000 01698nam a22002897a 4500
001 381
003 OSt
005 20250404102755.0
008 250404b |||||||| |||| 00| 0 eng d
020 _a9788542207811
040 _bpor
082 _a133.93
_bC284e
100 0 _aCarlos, Antonio
_c(Espírito).
_9791
245 _aO Escravo:
_bDa África para a senzala /
_cCarlos, Antonio (espirito) ; Psicografado por Vera Lúcia Marinzeck de Carvalho.
250 _a2 ed.
260 _aSão Paulo
_bPlaneta
_c2017
300 _a239 p.
520 _aUba vivia tranquilamente numa aldeia na África com a esposa e duas filhas, quando esta foi invadida por mercenários em busca de escravos. Uba viu sua esposa ser morta e não conseguiu socorrê-la. Começou ali uma vida diferente para ele, de privações e humilhações. Sem entender, foi preso junto a outros homens e, num navio, foi levado para longe. Veio para o Brasil, foi comprado como uma mercadoria e levado para uma fazenda, para a senzala. Passou a ser chamado de João, e tudo mudou. Aos poucos, foi entendendo o que era ser escravo. Foi no cativeiro que seu espírito aprendeu muitas coisas e mudou sua relação com o trabalho. O escravo – Da África para a senzala é um livro que emociona. Vale a pena ler esta obra que, em forma de romance, conta um pouquinho sobre como era ser escravo nas terras brasileiras.
650 0 _aLiteratura Brasileira
_9205
650 0 _aPsicografias
_9485
650 0 _aEscravidão
_9792
650 0 _aReencarnação
_9793
650 0 _aVisão espírita da história
_9794
655 0 _aRomance
_923
700 1 _aCarvalho, Vera Lúcia Marinzeck de,
_d1948-
_emédium
_9795
942 _2ddc
_cBK
_n0
999 _c381
_d381